000 00376 a2200169 4500
001 46344
020 _a9788573193190
040 _cAnchieta - Aquarius
100 _aAlbergaria, Lino de
240 1 0 _aA boneca e o Saci
_lpor
245 1 0 _aA boneca e o Saci
300 _a32
362 0 _a2010
440 1 _aDimensão
650 4 _aLiteratura infanto-juvenil
942 _cBK
999 _c46344
_d46344